[Event "Corsica op"]
[Site "Corsica"]
[Date "2005.10.26"]
[Round "1"]
[White "Quilghini, Bruno"]
[Black "Bologan, Viktor"]
[Result "0-1"]
[WhiteElo "1520"]
[BlackElo "2700"]
[PlyCount "52"]
[EventDate "2005.10.26"]
[EventType "swiss (rapid)"]
[EventRounds "9"]
[EventCountry "FRA"]
[SourceTitle "EXT 2006"]
[Source "ChessBase"]
[SourceDate "2005.11.24"]
[SourceVersion "1"]
[SourceVersionDate "2005.11.24"]
[SourceQuality "1"]

1. b4 Nf6 2. Bb2 g6 3. e3 Bg7 4. d4 0-0 5. Nf3 d6 6. Be2 b6 7. 0-0 Bb7 8. Nbd2 Nbd7 9. c4 a5 10. bxa5 Rxa5 11. d5 e6 12. Nb3 Ra8 13. e4 Nxe4 14. Bxg7 Kxg7 15. Qd4+ Ndf6 16. dxe6 fxe6 17. Nbd2 e5 18. Qe3 Ng4 19. Qd3 Ngxf2 20. Rxf2 Nxf2 21. Kxf2 e4 22. Qd4+ Qf6 23. Qxf6+ Rxf6 24. Re1 exf3 25. Bxf3 Bxf3 26. Nxf3 Rxa2+ 0-1